6ix9ine Charting Songs (Billboard Hot 100) - Statistics

General Stats
  • This quiz has been taken 385 times
    95 since last reset
  • The average score is 9 of 20
Answer Stats
Album Weeks On Peak Artist(s) Song % Correct
Dummy Boy 20 Weeks #3 6ix9ine ft. Nicki Minaj & Murda Beatz FEFE
87%
TattleTales 10 Weeks #3 6ix9ine GOOBA
77%
DAY69 20 Weeks #12 6ix9ine GUMMO
70%
TattleTales 4 Weeks #1 (1 Week) 6ix9ine ft. Nicki Minaj TROLLZ
69%
Dummy Boy 5 Weeks #30 6ix9ine ft. Anuel AA BEBE
64%
DAY69 8 Weeks #43 6ix9ine, Fetty Wap & A Boogie wit Da Hoodie KEKE
60%
DAY69 8 Weeks #50 6ix9ine BILLY
49%
Dummy Boy 5 Weeks #46 6ix9ine ft. DJ SPINKING TATI
48%
Dummy Boy 4 Weeks #43 6ix9ine ft. Nicki Minaj & Kanye West MAMA
47%
Dummy Boy 9 Weeks #25 6ix9ine ft. Bobby Shmurda STOOPID
47%
Dummy Boy 6 Weeks #44 6ix9ine ft. Tory Lanez KIKA
42%
DAY69 9 Weeks #50 6ix9ine KOODA
42%
Hoodie SZN 20 Weeks #38 A Boogie wit Da Hoodie ft. 6ix9ine Swervin'
42%
DAY69: Graduation Day 1 Week #99 6ix9ine GOTTI
38%
TattleTales 1 Week #99 6ix9ine YaYa
32%
Dummy Boy 3 Weeks #51 6ix9ine ft. A Boogie wit Da Hoodie WAKA
27%
DAY69 1 Week #73 6ix9ine ft. Tory Lanez & Young Thug RONDO
25%
Dummy Boy 3 Weeks #53 6ix9ine ft. Lil Baby TIC TOC
23%
Non-Album Single 1 Week #90 6ix9ine ZAZA
22%
Non-Album Single 1 Week #83 6ix9ine GINE
19%
No matching quizzes found
Score Distribution
Percent of People with Each Score
Percentile by Number Answered
Your Score History
You have not taken this quiz since the last reset